Optimal tariffs: a generalization.
Vplyv krajín s monopolným postavením v obchode na úroveň platobných sadzieb. Podmienky optimálnej štruktúry sadzieb. Vplyv neprimeranej výšky taríf na import a export. Realizácia voľného obchodu. Úroveň priemyselnej výroby, zamerania obchodu a spotrebiteľa ako hlavné zložky ovplyvňujúce domáce i zah...
Gespeichert in:
| 1. Verfasser: | |
|---|---|
| Format: | Buchkapitel |
| Sprache: | Englisch |
| Schlagworte: | |
| Tags: |
Keine Tags, Fügen Sie das erste Tag hinzu!
|
MARC
| LEADER | 00000naa a2200000 4500 | ||
|---|---|---|---|
| 001 | r011074 | ||
| 005 | 20221213084216.1 | ||
| 041 | 0 | |a eng | |
| 044 | |a US | ||
| 245 | 1 | 0 | |a Optimal tariffs: a generalization. |c L. Young |
| 520 | |a Vplyv krajín s monopolným postavením v obchode na úroveň platobných sadzieb. Podmienky optimálnej štruktúry sadzieb. Vplyv neprimeranej výšky taríf na import a export. Realizácia voľného obchodu. Úroveň priemyselnej výroby, zamerania obchodu a spotrebiteľa ako hlavné zložky ovplyvňujúce domáce i zahraničné obchodné sadzby. | ||
| 610 | 2 | 0 | |a tarify |
| 610 | 2 | 0 | |a obchod zahraničný |
| 610 | 2 | 0 | |a vývoz |
| 610 | 2 | 0 | |a dovoz |
| 610 | 2 | 0 | |a obchod voľný |
| 610 | 2 | 0 | |a výroba priemyselná |
| 610 | 2 | 0 | |a spotrebitelia |
| 610 | 2 | 0 | |a metódy ekonomicko-matematické |
| 610 | 2 | 0 | |a protekcionizmus |
| 610 | 2 | 0 | |a politika obchodná |
| 100 | 1 | |a Young, L. | |